000
00265nam a22001217a 4500
008
170714b xxu||||| |||| 00| 0 eng d
041
_a
eng
080
_a
038
100
_a
24
101
_a
FJA
245
_a
GERMAN ENGLISH DICTINARY
_c
SASSE.G.H
942
_2
udc
_c
BK
999
_c
20990
_d
20990